• Quinzio, Sergio.

di Personal Name

Records bibliografici associati: 1

001 - CONTROL NUMBER

  • control field: 58887

003 - CONTROL NUMBER IDENTIFIER

  • control field:

005 - DATE AND TIME OF LATEST TRANSACTION

  • control field: 20210417122248.0

008 - FIXED-LENGTH DATA ELEMENTS

  • fixed length control field: 210417|| aca||aabn | a|a d

040 ## - CATALOGING SOURCE

  • Original cataloging agency:
  • Transcribing agency:

100 ## - HEADING--PERSONAL NAME

  • Personal name: Quinzio, Sergio.
  • Dates associated with a name: 1927-1996

670 ## - SOURCE DATA FOUND

  • Source citation: Work cat.: ()0: Tartaglia, Ferdinando. 1916-1988 aut. 58876, Tesi per la fine del problema di Dio /, 2002.
CREDITS: SOCIETA' SAN PAOLO Via A.Severo, 58 - ROMA (RM) & PERIODICI SAN PAOLO SRL Via Giotto, 36 MILANO & CISF Via Giotto, 36 MILANO & EDIZIONI SAN PAOLO SRL,  Piazza Soncino, 5 CINISELLO BALSAMO (MI) -- ITALY